000 00317nam a2200121 a 4500
005 20140414131902.0
008 100920s19uu xx 00 eng d
050 _aFIC
_bF22 1986
100 _aFarley, Carol
245 _aMystery of the melted diamonds.
260 _aNew York :
_bAvon Books,
_c1986.
999 _c110688
_d110688